ARRUPE JESUIT UNIVERSITY

CORONAVIRUS -STOP THE SPREAD - CLEAN,DISINFECT,COVER

A Museum of faiths : (Record no. 126325)

MARC details
000 -LEADER
fixed length control field 01532cam a2200373 a 4500
001 - CONTROL NUMBER
control field 4889139
003 - CONTROL NUMBER IDENTIFIER
control field ARRUPE
005 - DATE AND TIME OF LATEST TRANSACTION
control field 20170322144912.0
008 - FIXED-LENGTH DATA ELEMENTS--GENERAL INFORMATION
fixed length control field 930827s1993 gau b 011 0 eng
010 ## - LIBRARY OF CONGRESS CONTROL NUMBER
LC control number 93033152
020 ## - INTERNATIONAL STANDARD BOOK NUMBER
International Standard Book Number 1555409040 (alk. paper)
020 ## - INTERNATIONAL STANDARD BOOK NUMBER
International Standard Book Number 1555409059 (pbk. : alk. paper)
040 ## - CATALOGING SOURCE
Original cataloging agency DLC
Transcribing agency DLC
Modifying agency DLC
050 00 - LIBRARY OF CONGRESS CALL NUMBER
Classification number BL21.W8
Item number M87 1993
082 00 - DEWEY DECIMAL CLASSIFICATION NUMBER
Classification number 200
Edition number 20
300 ## - PHYSICAL DESCRIPTION
Dimensions 23 cm.
245 02 - TITLE STATEMENT
Title A Museum of faiths :
Remainder of title histories and legacies of the 1893 World's Parliament of Religions /
Statement of responsibility, etc edited by Eric J. Ziolkowski.
260 ## - PUBLICATION, DISTRIBUTION, ETC. (IMPRINT)
Place of publication, distribution, etc Atlanta, Ga. :
Name of publisher, distributor, etc Scholars Press,
Date of publication, distribution, etc c1993.
300 ## - PHYSICAL DESCRIPTION
Extent xiii, 366 p. ;
440 #0 - SERIES STATEMENT/ADDED ENTRY--TITLE
Title Classics in religious studies ;
Volume number/sequential designation no. 9
9 (RLIN) 29497
504 ## - BIBLIOGRAPHY, ETC. NOTE
Bibliography, etc Includes bibliographical references and index.
611 20 - SUBJECT ADDED ENTRY--MEETING NAME
Meeting name or jurisdiction name as entry element World's Parliament of Religions
Date of meeting (1893 :
Location of meeting Chicago, Ill.)
9 (RLIN) 29498
650 #0 - SUBJECT ADDED ENTRY--TOPICAL TERM
Topical term or geographic name as entry element Religions.
9 (RLIN) 29499
650 #0 - SUBJECT ADDED ENTRY--TOPICAL TERM
Topical term or geographic name as entry element Religions
General subdivision Relations.
9 (RLIN) 29500
650 #0 - SUBJECT ADDED ENTRY--TOPICAL TERM
Topical term or geographic name as entry element Religion.
9 (RLIN) 29501
650 #0 - SUBJECT ADDED ENTRY--TOPICAL TERM
Topical term or geographic name as entry element Religions
General subdivision Study and teaching.
9 (RLIN) 29502
650 #0 - SUBJECT ADDED ENTRY--TOPICAL TERM
Topical term or geographic name as entry element Religions (Proposed, universal, etc.)
9 (RLIN) 29503
650 #0 - SUBJECT ADDED ENTRY--TOPICAL TERM
Topical term or geographic name as entry element Women and religion.
9 (RLIN) 29504
700 1# - ADDED ENTRY--PERSONAL NAME
Personal name Ziolkowski, Eric Jozef,
Dates associated with a name 1958-
9 (RLIN) 29505
711 2# - ADDED ENTRY--MEETING NAME
Meeting name or jurisdiction name as entry element World's Parliament of Religions
Date of meeting (1893 :
Location of meeting Chicago, Ill.)
9 (RLIN) 29498
906 ## - LOCAL DATA ELEMENT F, LDF (RLIN)
a 7
b cbc
c orignew
d 1
e ocip
f 19
g y-gencatlg
942 ## - ADDED ENTRY ELEMENTS (KOHA)
Source of classification or shelving scheme Library of Congress Classification
Koha item type Monograph ( Printed materials)
Holdings
Withdrawn status Lost status Source of classification or shelving scheme Damaged status Not for loan Collection code Home library Current library Shelving location Date acquired Total Checkouts Full call number Barcode Date last seen Price effective from Koha item type
    Library of Congress Classification     Main Collection ARRUPE LIBRARY ARRUPE LIBRARY Main Collection 22/03/2017   BL21.W8 M87 1993 46500025528 22/03/2017 22/03/2017 Monograph ( Printed materials)

 

Arrupe Library. PO Box MP320 Mt Pleasant, Harare, Zimbabwe
263 242 745411|librarian@aju.ac.zw